000 00309nam a2200133Ia 4500
005 20251222155125.0
008 251222s9999||||xx |||||||||||||| ||spa||
082 _aETI.201
100 _aISDEN
245 0 _aInstituto de salud, temas de ética social
250 _aPerú. ed.
264 _bMSC
942 _cLIB
999 _c38596
_d38596